Statistics for Top 50 R&B Albums

Click here to take the quiz!

General Stats

  • This quiz has been taken 11 times
  • The average score is 11 of 50

Answer Stats

ArtistAlbum% Correct
#6: Michael JacksonThriller
90%
#4: Prince and the RevolutionPurple Rain
80%
#3: Stevie WonderSongs in the Key of Life
70%
#46: Lauryn HillThe Miseducation of Lauryn Hill
60%
#1: Marvin GayeWhat's Going On
60%
#10: Frank OceanBlonde
50%
#7: FunkadelicMaggot Brain
50%
#5: Curtis MayfieldSuperfly
50%
#30: Prince1999
40%
#26: Frank Oceanchannel ORANGE
40%
#2: Stevie WonderInnervisions
40%
#37: Kids See GhostsKids See Ghosts
40%
#29: D'Angelo and the VanguardBlack Messiah
30%
#8: Curtis MayfieldCurtis
30%
#27: Marvin GayeLet's Get It On
30%
#40: FunkadelicOne Nation Under a Groove
30%
#21: Stevie WonderTalking Book
30%
#22: D'AngeloVoodoo
30%
#48: PrinceDirty Mind
20%
#39: Dusty SpringfieldDusty in Memphis
20%
#23: Aretha FranklinLady Soul
20%
#13: PrinceSign 'O' the Times
20%
#16: Sly & the Family StoneStand!
20%
#34: Janelle MonáeThe ArchAndroid
20%
#35: Al GreenCall Me
10%
#12: Fela Ransome Kuti & Africa 70Expensive Shit
10%
#38: Jorge BenFôrça Bruta
10%
#49: Stevie WonderFulfillingness' First Finale
10%
#11: Herbie HancockHead Hunters
10%
#18: Isaac HayesHot Buttered Soul
10%
#41: Al GreenI'm Still in Love with You
10%
#24: Aretha FranklinI Never Loved a Man the Way I Love You
10%
#50: SadeLove Deluxe
10%
#20: ParliamentMothership Connection
10%
#25: Nina SimonePastel Blues
10%
#15: Sly & the Family StoneThere's a Riot Goin' On
10%
#43: Nina SimoneWild is the Wind
10%
#14: Fela Anikulapo Kuti & Africa 70Zombie
10%
#33: Jorge BenÁfrica Brasil
0%
#44: Otis ReddingComplete & Unbelievable: The Otis Redding Dictionary of Soul
0%
#47: Fela Ransome-Kuti & the Africa 70Confusion
0%
#36: ParliamentFunkentelechy vs. the Placebo Syndrome
0%
#45: Fela Ransome Kuti & the Afrika 70Gentleman
0%
#17: Miles DavisGet Up With It
0%
#19: Miles DavisOn the Corner
0%
#9: Otis ReddingOtis Blue: Otis Redding Sings Soul
0%
#32: Gil Scott-HeronPieces of a Man
0%
#28: Fela & the Africa 70Roforofo Fight
0%
#31: Fẹla and Afrika 70Sorrow Tears and Blood
0%
#42: James CarrYou Got My Mind Messed Up
0%

Score Distribution

Percentile by Number Answered

Percent of People with Each Score

Your Score History

You have not taken this quiz